| 000 | 00932cab a2200265 4500 | ||
|---|---|---|---|
| 001 | ABS56491 | ||
| 008 | 090401t1997 xxu||||| |||| 00| 0 eng d | ||
| 035 | _a(Sirsi) u24036 | ||
| 041 | _aeng | ||
| 100 | _aLangdon, M. | ||
| 245 | _aNail down repairing claims or you`ll be in a fix | ||
| 260 | _c1997 | ||
| 350 | _a0 | ||
| 490 |
_aProperty Week _v58(3) 24 January 1997, 24-25(2) |
||
| 520 | _aDeals with correct wording of a lease to ensure that the tenant is fully aware of their obligations to maintain the premises. Looks at the issue from the perspective of the landlord and tenant, referring to case law. | ||
| 650 | _aDEFECTS LIABILITY | ||
| 650 | _aLEASES | ||
| 650 | _aBUILT ENVIRONMENT-BUILDING MAINTENANCE AND REFURBISHMENT | ||
| 650 | _aREPAIRING COVENANTS | ||
| 650 | _aREPAIRING OBLIGATIONS | ||
| 650 | _aTENANT LIABILITY | ||
| 690 |
_aLANDLORD AND TENANT _96252 |
||
| 942 | _n0 | ||
| 948 | _c04/03/1997 | ||
| 999 |
_c16096 _d16096 |
||